Jak dobrze znasz piosenkę "Niech żyje bal" Maryli Rodowicz? - Statystyki

Ogólne statystyki
  • Ten quiz został rozwiązany 85 razy
  • Średni wynik to 22 z 31
Statystyki odpowiedzi
Tekst Brakujące słowo % Poprawnych
... żyje bal Niech
91%
Bo życie, bo życie to ... bal
90%
Bal to najdłuższy, na jaki ... proszą nas
90%
Życie kochanie, ... tyle co taniec trwa
87%
Bo to życie to bal jest ... bale nad
85%
... gra Orkiestra
85%
Jeszcze tańczą i drzwi są ... otwarte
85%
Drugi raz nie ... nas wcale zaproszą
85%
Dzień ... dnia warty
82%
A to życie ... jest warte zachodu
82%
Manna, hosanna, ... i szaniec różaniec
81%
Roboto ty w rękach się ... pal
78%
I ... zdrowie dam pij
78%
Fandango, ..., bibop bolero
76%
Nie grają na ..., chociaż żal bis
75%
Na bal, ... na bal marsz
75%
Zanim więc serca ... ogłoszą upadłość
75%
Chłopo­robotnik, i ... grzechotnik boa
72%
Tańcz, póki żyjesz i śmiej się do ... żony
72%
I jazda i basta i ... stop
70%
... jak bufet, jest zaopatrzony Bufet
69%
Zależy, czy tu, czy ... tam gdzieś
69%
Wyłączy nam ... w środku dnia prąd
63%
Widzi swą mamę i ..., i żonkę tatę
60%
Miasta nieczułe mijajcie jak ... porty
58%
Sucha kostucha, ta ... Wykidajło Miss
55%
Bo ... mamy bal raz
52%
I rusza, ... na bal wyrusza
52%
Z niebytu wynurza się ... fal
48%
... aorty, ja idę na korty Szalejcie
37%
Pchajmy więc ... obłędu, jak Byron taczki
37%
Nie znaleziono quizów pasujących do podanych kryteriów
Rozkład punktacji
Procent ludzi z każdym wynikiem
Percentyl według liczby udzielonych odpowiedzi
Twoja historia wyników
Nie rozwiązałeś tego quizu